00684nam a2200217Ia 4500008004100000020001600041100002200057245002900079245009300108260001500201260002000216260000900236300002700245300002700272300001100299650002400310650001300334700000800347999001900355952009200374160803s9999 xx 000 0 und d a0 439693268 aOchiltree, Dianne aBart's amazing charts /  cby Dianne Ochiltree ; illustrated by Martin Lemelman ; math activities by Marilyn Burns. aNew York : bScholastic Inc. c1999 a29 unnumbered pages :  bcolor ilustrations. ;  c23 cm. aGraphic methods --  xFiction. a220 c299109d299109 001040aSSISBbSSISBcLEXd2016-08-03l0pSC-1035r2016-08-03 00:00:00w2016-08-03yBK